000 00352nam a2200145Ia 4500
008 230917s9999||||xx |||||||||||||| ||und||
040 _e3876
_aMAIN
041 _aEnglish
082 _a301.4 ET99M
100 _aEtzioni, Amitai
245 0 _aModern organizations
260 _aNew Delhi
_bPrentice Hall
_c1965
300 _avii, 120 p.
942 _cBK
999 _c230052
_d230052